|
|
|
|
| LEADER |
00000nam0a2200000 4500 |
| 001 |
301118 |
| 005 |
20231102001353.0 |
| 020 |
|
|
|a RU
|b 83-38314
|
| 035 |
|
|
|a (RuTPU)RU\TPU\book\326271
|
| 090 |
|
|
|a 301118
|
| 100 |
|
|
|a 20150723d1982 k y0rusy5003 ca
|
| 101 |
0 |
|
|a rus
|
| 102 |
|
|
|a RU
|
| 105 |
|
|
|a y z 100zy
|
| 200 |
1 |
|
|a Основные направления развития геоморфологической теории
|e тезисы докладов к XVII пленуму Геоморфологической комиссии АН СССР (Новосибирск, 1-3 февраля 1983 г.)
|f Академия наук СССР (АН СССР), Сибирское отделение (СО), Институт геологии и геофизики (ИГиГ) ; под ред. В. В. Вдовина
|
| 210 |
|
|
|a Новосибирск
|c Изд-во ИГИГ
|d 1982
|
| 215 |
|
|
|a 180 с.
|
| 606 |
1 |
|
|a Геоморфология
|2 stltpush
|3 (RuTPU)RU\TPU\subj\6207
|9 34142
|
| 610 |
1 |
|
|a пленумы
|
| 610 |
1 |
|
|a доклады
|
| 610 |
1 |
|
|a тезисы
|
| 610 |
1 |
|
|a геоморфологические данные
|
| 610 |
1 |
|
|a геоморфологические исследования
|
| 610 |
1 |
|
|a геоморфологические процессы
|
| 610 |
1 |
|
|a структурная геоморфология
|
| 610 |
1 |
|
|a климатическая геоморфология
|
| 610 |
1 |
|
|a системный подход
|
| 610 |
1 |
|
|a терминология
|
| 675 |
|
|
|a 551.4(063)
|z rus
|v 3
|
| 702 |
|
1 |
|a Вдовин
|b В. В.
|g Виктор Васильевич
|4 340
|
| 712 |
0 |
2 |
|a Академия наук СССР (АН СССР)
|b Сибирское отделение (СО)
|b Институт геологии и геофизики (ИГиГ)
|c (Новосибирск)
|2 stltpush
|3 (RuTPU)RU\TPU\col\128
|
| 712 |
1 |
2 |
|a Основные направления развития геоморфологической теории
|c пленум
|d 17
|e Новосибирск
|f 1983
|4 570
|
| 801 |
|
0 |
|a RU
|b RuMRKP
|c 19950704
|g psbo
|
| 801 |
|
1 |
|a RU
|b 63413507
|c 20150723
|
| 801 |
|
2 |
|a RU
|b 63413507
|c 20180702
|g RCR
|
| 942 |
|
|
|c BK
|